Sports Quiz

Random Sports or NFL Quiz

NFL General Managers Quiz Stats

Quiz not verified by Sporcle

Challenge
Share
Tweet
Embed
Score 0/32 Timer 05:00
0 Plays Today
Hint Answer % Correct
Dallas CowboysJerry Jones
80%
Baltimore RavensOzzie Newsome
56.4%
Denver BroncosJohn Elway
54.5%
Miami DolphinsJeff Ireland
49.1%
New England PatriotsBill Belichick
49.1%
Green Bay PackersTed Thompson
43.6%
Atlanta FalconsThomas Dimitroff
41.8%
Cleveland BrownsMichael Lombardi
41.8%
Houston TexansRick Smith
38.2%
New York GiantsJerry Reese
36.4%
Cincinnati BengalsMike Brown
34.5%
New York JetsJohn Idzik
30.9%
Oakland RaidersReggie McKenzie
30.9%
Indianapolis ColtsRyan Grigson
29.1%
New Orleans SaintsMickey Loomis
29.1%
Minnesota VikingsRick Spielman
27.3%
Hint Answer % Correct
San Fransisco 49ersTrent Baalke
27.3%
Washington RedskinsBruce Allen
27.3%
Seattle SeahawksJohn Schneider
25.5%
St. Louis RamsLes Snead
23.6%
Jacksonville JaguarsDavid Caldwell
21.8%
Arizona CardinalsSteve Keim
20%
Philadelphia EaglesHowie Roseman
20%
Chicago BearsPhil Emery
18.2%
Detroit LionsMartin Mayhew
18.2%
Pittsburgh SteelersKevin Colbert
18.2%
Buffalo BillsDoug Whaley
16.4%
San Diego ChargersTom Telesco
14.5%
Carolina PanthersDave Gettleman
12.7%
Kansas City ChiefsJohn Dorsey
12.7%
Tampa Bay BuccaneersMark Dominik
12.7%
Tennessee TitansRuston Webster
10.9%

You're not logged in!

Compare scores with friends on all Sporcle quizzes.
Join for Free
OR
Log In

You Might Also Like...

Show Comments

Extras

Created Nov 11, 2013ReportNominate
Tags:NFL Quiz, manager

Top Quizzes Today


Score Distribution

Your Account Isn't Verified!

In order to create a playlist on Sporcle, you need to verify the email address you used during registration. Go to your Sporcle Settings to finish the process.

Report this User

Report this user for behavior that violates our Community Guidelines.

Details: